000 00327 a2200133 4500
001 87861
082 _aPR 237
090 _c41323
_d41323
100 _aVaqas Afzal, Plt Off 14802
245 _aConceptual design of a killer drone
260 _aRisalpur
_bNUST Risalpur
_c2008
300 _a170p.
500 _aBE Project Reports
942 _aCAE NUST
_kPR 237
999 _c322934
_d322934